000 00224 a2200097 4500
001 24805
100 _aMagee, J.F
245 _aProduction planning inventory control
260 _a
_bMcGraw-Hill
_c1967
090 _c16758
_d16758
942 _aNUST-CAE
_cM
_c7511
999 _c259878
_d259878